Представление документа в формате RUSMARC

Поле Инд. ПП Название Значение
Тип записи a
Библиографический уровень a
001 Контрольный номер d72f635a86474d76b81ac0d432bde4ff
005 Дата корректировки 20230526101535.0
100 a Данные общей обработки 20230526 ||| 0rusy0189 ca
101 0_ a Язык текста rus
102 a Страна публикации RU
200 1_ f Первые сведения об ответственности М.Б. Поляков
a Заглавие Эманация права: пролегомены
b Общее обозначение материала Текст
203 a Вид содержания Текст : электронный
210 1_ d Дата издания 2023
300 a Общие примечания Чтение статьи доступно в Источнике
336 a Примечание о виде электронного ресурса PDF
461 _0 1 2000
a Российское правосудие
463 _0 1 2000
a № 5
b Электронный ресурс
v С. 13-29
1 2101
d 2023
1 0019745abba5ba44121a3ef595d0f111dd3
606 a Основная рубрика Право. Юридические науки
x Основная подрубрика Общая теория права
x Основная подрубрика Теория государства и права
610 0_ a Ключевые слова ЭМАНАЦИЯ ПРАВА
a Ключевые слова ФОРМА ПРАВА
a Ключевые слова ЕСТЕСТВЕННОЕ ПРАВО
a Ключевые слова НОРМА ПРАВА
a Ключевые слова РГУП.
700 _1 a Фамилия Поляков
b Имя М.Б.
801 _0 a Страна RU
b Организация РГУП
c Дата составления 20230526
g Правила каталогизации PSBO
801 _1 a Страна RU
b Организация РГУП
c Дата составления 20230526
g Правила каталогизации PSBO
901 t Тип документа b
w Контрольный № источника 9745abba5ba44121a3ef595d0f111dd3
905 a Дата ввода 20230526
952 k Публикации кафедры Теории права, государства и Судебной власти